000 01373nam a2200301Ia 4500
003 GCL
005 20240530104745.0
008 140319s9999 xx 000 0 ara d
017 _a6534
_bمصر . دار الكتب المصرية
040 _aGCL /
_cGCL
082 0 4 _a020.05
_bم ا
_221
110 2 _aالمكتبة الاكاديمية
_eناشر
245 1 2 _aالاتجاهات الحديثة فى المكتبات والمعلومات :
_cرئيس التحرير شعبان عبدالعزيز خليفة ؛ مدير التحرير احمد امين
_bكتاب دورى يصدر مؤقتا مرتين فى السنة /
_nالمجلد الثالث ، العدد السادس ( يولية 1996 )
260 _aالقاهرة :
_bالمكتبة الاكاديمية ،
_c1996
300 _a312 ص
_c26سم
650 0 4 _aنظم المعلومات
650 0 4 _aالمكتبات
_xعلم
650 0 4 _aالمكتبات
_xبرامج الحاسبات
650 0 4 _aتصنيف الكتب
650 0 4 _aالخدمة المكتبية
650 0 4 _aشبكات المكتبات والمعلومات
650 0 4 _aالمعلومات
_xعلم
650 0 4 _aالمكتبات
_xفهارس
700 0 _aاحمد امين
_eمحرر مشارك
700 0 _aشعبان عبدالعزيز
_eمحرر
942 _2ddc
_cBK
999 _c50403
_d50403